000 01479nam0a2200373 4500
001 v19\rc\1401845
005 20250618101125.0
035 _a(NLR Aleph) 004532108
090 _a1884719
_c1884719
100 _a20060512d1884 |||y0rusy50 ca
101 0 _arus
_ager
102 _aRU
105 _ay z |||y|
181 0 _ai
_baxxe
182 0 _an
200 1 _aРоспись ярлыкам для устройства аптечно-рецептурной и материальной комнат
_dVerzeichniss von Etiquetten fűr Einrichtung von Apotheken
_eсоставлено по алфавиту
_zger
203 _aТекст
_bвизуальный
_cнепосредственный
205 _a2-е изд. [с изм.]
210 _aС.-Петербург
_cиздание К. Риккера
_d1884
215 _a12 с.
_d25
300 _aПредисл. парал. рус., нем.
510 1 _aVerzeichniss von Etiquetten fűr Einrichtung von Apotheken
_zger
606 1 _aФармацевтические препараты
_xХранение в аптеках
_92250277
_3RU\NLR\AUTH\661349787
606 1 _aФармакопея
_yРоссия
_92440526
_3RU\NLR\AUTH\6601669770
686 3 _aР11(28)26л72
686 3 _aР282.9
801 0 _aRU
_bNLR
_gpsbo
801 0 _aRU
_bRuMoRGB
_2psbo
801 1 _aRU
_bProSoft-M
_2rusmarc
852 _aNLR
_j18.171.7.118
942 _cBOOK
980 _aNB